000
00275 a2200121 4500
001
155149
040
_c
Escola São Tomás de Aquino
100
_a
FISCHER, Ricardo. A.
240
1
0
_a
O corpo humano
_l
por
245
1
0
_a
O corpo humano
697
_a
GENERALIDADES
942
_c
BK
999
_c
155149
_d
155149